| 000 | 00707nam a2200193 a 4500 | ||
|---|---|---|---|
| 005 | 20231013063552.0 | ||
| 008 | 991125s1940 mx 000 0 spa u | ||
| 035 | _aUPN01000004494 | ||
| 049 | _aLT | ||
| 050 | 4 |
_aLB1583 M6.3 _bM6.2 LE |
|
| 100 | 1 |
_aMonroy Padilla, Salvador _929364 |
|
| 245 | 1 | 0 |
_aArreglo geográfico del Distrito Federal : _bpara el tercer año de instrucción primaria / _cSalvador Monroy Padilla. |
| 260 |
_aMéxico : _bMonroy Padilla, _c[1940?]. |
||
| 300 | _a142 p. | ||
| 500 | _aDisponible también en la Colección Medina | ||
| 650 | 4 |
_aGeografía _xEstudio y enseñanza (Elemental) _92801 |
|
| 650 | 4 |
_aGEOGRAFIA FISICA - _zMEXICO - _xESTUDIO Y ENSEÑANZA (ELEMENTAL) |
|
| 905 | _aLibro | ||
| 999 |
_c4494 _d4494 |
||